Engineering Mathematics-II/ (Record no. 164767)

MARC details
000 -LEADER
fixed length control field 00584nam a2200181 4500
005 - DATE AND TIME OF LATEST TRANSACTION
control field 20190527131903.0
010 ## - LCCN (DPL NO)
LC control number ENG-125307
020 ## - INTERNATIONAL STANDARD BOOK NUMBER
International Standard Book Number 9789380624266
Terms of availability 350.00
035 ## - SYSTEM CONTROL NUMBER
System control number EN-108839
037 ## - SOURCE OF ACQUISITION
Source of stock number/acquisition DBAD/PUB
082 ## - DEWEY DECIMAL CLASSIFICATION NUMBER
Classification number 620.00151
100 ## - MAIN ENTRY--PERSONAL NAME
Personal name Sangeetha, G.
245 ## - TITLE STATEMENT
Title Engineering Mathematics-II/
Statement of responsibility, etc by G. Sangeetha
260 ## - PUBLICATION, DISTRIBUTION, ETC. (IMPRINT)
Place of publication, distribution, etc Chennai
Name of publisher, distributor, etc Jaitech Publications
Date of publication, distribution, etc 2011
270 ## - ADDRESS
Address No. 49, Chellapillayar Koil Street, Royapettah,
City Chennai
Postal code 600014
Telephone number 9444542032, 9841153440
300 ## - PHYSICAL DESCRIPTION
Extent vi, various paging
Dimensions 22cm(pbk)
942 ## - ADDED ENTRY ELEMENTS (KOHA)
Source of classification or shelving scheme Dewey Decimal Classification
Item type English Books
Classification part 620.00151
Call number suffix SAN
Holdings
Withdrawn status Lost status Not for loan Collection code Home library Current library Date acquired Source of acquisition Cost, normal purchase price Full call number Barcode Copy number Cost, replacement price Koha item type
      Non-fiction Bawana Bawana 27/05/2019 DBAD/PUB 350.00 620.00151 SAN EN-108839 1 350.00 English Books

© Delhi Public Library
Hit Counter
free hit counter